RE LEONE (IL) (Record n. 107183)
[ formato base ]
| 000 -LEADER | |
|---|---|
| fixed length control field | 01552agaaa2200337 4500 |
| 001 - CONTROL NUMBER | |
| control field | 3565 |
| 003 - CONTROL NUMBER IDENTIFIER | |
| control field | IT-RoPAU |
| 005 - DATE AND TIME OF LATEST TRANSACTION | |
| control field | 20220918181255.0 |
| 007 - PHYSICAL DESCRIPTION FIXED FIELD--GENERAL INFORMATION | |
| fixed length control field | d cvaizq |
| 008 - FIXED-LENGTH DATA ELEMENTS--GENERAL INFORMATION | |
| fixed length control field | 50131s9999||||xx ||| | || ||und|| |
| 040 ## - CATALOGING SOURCE | |
| Original cataloging agency | IT-RoPAU |
| Transcribing agency | IT-RoPAU |
| 041 ## - LANGUAGE CODE | |
| Language code of text/sound track or separate title | ITALIANO |
| 100 ## - MAIN ENTRY--PERSONAL NAME | |
| Personal name | Allers Roger |
| Miscellaneous information | Codice regista SPICS: 44712 |
| 9 (RLIN) | 50825 |
| 130 ## - MAIN ENTRY--UNIFORM TITLE | |
| Uniform title | RE LEONE (IL) |
| 9 (RLIN) | 50826 |
| 240 ## - UNIFORM TITLE | |
| Uniform title | LION KING (THE) |
| Miscellaneous information | T2931 |
| 245 ## - TITLE STATEMENT | |
| Title | RE LEONE (IL) |
| Statement of responsibility, etc. | Sceneggiatura: Mecchi Irene Roberts Jonathan Woolverton Linda -- Diretto da: Allers Roger |
| Name of part/section of a work | RE LEONE (IL) (Rif. Codice opera principale : D3565) |
| 246 ## - VARYING FORM OF TITLE | |
| Title proper/short title | LION KING (THE) |
| 250 ## - EDITION STATEMENT | |
| Edition statement | Edizione Standard |
| 260 ## - PUBLICATION, DISTRIBUTION, ETC. (IMPRINT) | |
| Place of publication, distribution, etc. | MILANO (STATI UNITI) |
| Name of publisher, distributor, etc. | WALT DISNEY COMPANY / |
| Date of manufacture | "1994 (1° ed.: 1994 ; Ed. Lingua Orig.: 1994)" |
| 300 ## - PHYSICAL DESCRIPTION | |
| Extent | VHS |
| Other physical details | sonoro, col. |
| Dimensions | 85 minuti |
| 508 ## - CREATION/PRODUCTION CREDITS NOTE | |
| Creation/production credits note | "Musica: Zimmer Hans; Sceneggiatura: Mecchi Irene Roberts Jonathan Woolverton Linda; " |
| 511 ## - PARTICIPANT OR PERFORMER NOTE | |
| Participant or performer note | Animazione |
| 520 ## - SUMMARY, ETC. | |
| Summary, etc. | SIMBA LOTTA CON CORAGGIO CONTRO IL MALVAGIO ZIO SCAR PER RICONQUISTARE LA CORONA PERDUTA: AL FIANCO DEL LEONCINO CI SONO IL PADRE MUFASA E ALTRI INDIMENTICABILI AMICI COME LA LEONESSA NALA E L'INEFFABILE COPPIA PUMBAA-TIMON... |
| 538 ## - SYSTEM DETAILS NOTE | |
| System details note | PAL, STEREO |
| 546 ## - LANGUAGE NOTE | |
| Language note | ITALIANO |
| 650 ## - SUBJECT ADDED ENTRY--TOPICAL TERM | |
| Topical term or geographic name as entry element | ANIMAZIONE |
| Relator term | FILMS [VHS] |
| General subdivision | Codice MATERIA SPICS: 9960 |
| 9 (RLIN) | 50827 |
| 700 ## - ADDED ENTRY--PERSONAL NAME | |
| Personal name | Allers Roger |
| Relator term | (regista) |
| Miscellaneous information | Codice regista SPICS: 44712 |
| 9 (RLIN) | 50828 |
| 700 ## - ADDED ENTRY--PERSONAL NAME | |
| Personal name | Minkoff Rob |
| Relator term | (regista) |
| Miscellaneous information | Codice secondo regista SPICS: 44713 |
| 9 (RLIN) | 50829 |
| 700 ## - ADDED ENTRY--PERSONAL NAME | |
| Personal name | Zimmer Hans |
| Relator term | (musica) |
| Miscellaneous information | Codice Musica SPICS: 27223 |
| 9 (RLIN) | 50830 |
| 942 ## - ADDED ENTRY ELEMENTS (KOHA) | |
| Koha item type | VHS - VIDEO |
| Source of classification or shelving scheme | Dewey Decimal Classification |
| Withdrawn status | Lost status | Damaged status | Not for loan | Home library | Current library | Date acquired | Total Checkouts | Full call number | Date last seen | Price effective from | Koha item type | Public note |
|---|---|---|---|---|---|---|---|---|---|---|---|---|
| Buone Condizioni | Not For Loan | SPICS-MEDIATECA | SPICS-MEDIATECA | 31/01/2015 | D3565 | 31/01/2015 | 31/01/2015 | VHS - VIDEO | Progr. Ins.: 624 / N.Vol.:1 / Copie: 1 / Pag.: / Copia rara: n.d. / date import: 1.2.2015 / By Epidotti, Trombetti, Vaglietti |